Datum a čas kvízu

36.5 Celkem bodů Celkový počet nahraných bodů na tomto kvízu bez doplňovacích otázek.
1. Pořadí na kvízu Konečné umístění týmu na tomto kvízu.

Zaznamenané odpovědi

# Otázka Odpověď Body Výsledky
1. Předsedou KDU-ČSL se na pátečn... Marek Výborný 1
2. Letadlo charterové společnosti... Edinburgh 1
3. Čtvrté manželství amerického h... Nicolas Cage 1
4. Po Zootu se v problémech ocitá... Kulina.cz 0
5. Doplňte jedním slovem dialog,... popelník 0
6. Vaším úkolem bude uhodnout kře... Jaroslav / Tomáš Satoranský 1
7. Nejstarší muž z naší trojice b... Otokar / Karel / Michal Březina 1
8. Nejstarším z další trojice je... Emanuel / David Moravec; Nikol Moravcová 1
9. Tento anglický herec, držitel... Clive / Michael Owen 1
10. Tento francouzský filozof, spi... Jean-Jacques / Henri Rousseau 0.5